Alphabet anglais - Statistiques

Statistiques générales
  • Ce quiz a été pris 387 fois
  • Le résultat moyen est 25 sur 26
Réponses sur la Carte
Les réponses sont colorées sur une échelle allant du rouge au vert en fonction du pourcentage des utilisateurs qui les ont devinées à leur premier essai. Vous pouvez retrouver ces pourcentages ci-dessous.
 
Statistiques - réponses
lettres % Correct
A
100%
B
100%
C
98%
D
98%
E
98%
F
96%
G
96%
H
95%
I
95%
J
95%
L
95%
M
95%
N
95%
P
95%
Q
95%
R
95%
T
95%
U
95%
W
95%
Z
95%
K
94%
O
94%
S
94%
V
94%
X
94%
Y
94%
Aucun quiz correspondant
Distribution des résultats
% des personnes avec chaque résultat
Percentile par nombre de réponses
Votre historique - résultats
Vous n’avez pas pris ce quiz